00519nam a22001697a 450000500170000001000150001702000260003203500140005803700130007208200080008510000240009324500490011726000440016627000760021030000250028650000380031120180502155229.0 aENG-122854 a9789386048363c950.00 aEN-106386 bDBAD/PUB a921 aDhama, Tejpal Singh aDeendayal Upadhyaya /cby Tejpal Singh Dhama aDelhi bGS Publisher Distributorsc2017 aF-7, Gali No. 1, Panchsheel Garden Ext. Naveen Shahdara,bDelhie110032 avii, 280p.c22cm(Hb) aIt include bibliography and index